Statistics for 10 Most Expensive U.S. Universities

Click here to take the quiz!

General Stats

  • This quiz has been taken 68 times
  • The average score is 3 of 10

Answer Stats

Average ExpenseStateAnswer% Correct
$55,056NYColumbia University
94%
$52,491ILUniversity of Chicago
74%
$52,217CAUniversity of Southern California
52%
$52,430MATufts University
23%
$52,476MAAmherst College
21%
$52,916CAHarvey Mudd College
13%
$52,550NYSarah Lawrence College
10%
$53,090NYVassar College
10%
$52,760CTTrinity College
5%
$52,290PAFranklin and Marshall College
2%

Score Distribution

Percentile by Number Answered

Percent of People with Each Score

Your Score History

You have not taken this quiz